• 首页
  • 本馆介绍
  • 公告通知
  • 最新文献
  • 馆藏检索
  • 电子资源
  • 读者导购
  • 参考咨询
  • 我的图书馆
  • 登录
  • 详细信息显示
  • 放入我的书架
  • 预约/预借图书
  • 作者相关作品
  • 分类相关作品
  • 丛书相关作品
  • 出版社相关作品

书目信息

  • 表格格式
  • 工作单格式
  • 卡片格式
题名:
植物系统学
    
 
作者: 张景钺 , 梁家骥 编著
分册:  
出版信息: 北京   人民教育出版社  1965
页数: 320页
开本: 19cm
丛书名:
单 册:
中图分类: Q94
科图分类:
主题词: 植物学
电子资源:
ISBN:
000 00617nam0 2200229 45
001 0405251083
005 20040525101210.6
010    @dCNY1.00
091    @a14012.020
100    @a20040525d1965 km y0chiy0120 ea
101 0  @achi
105    @a z 000yy
200 1  @a植物系统学@AZhi Wu Xi Tong Xue@f张景钺,梁家骥编著@FZhang Jing Yue,Liang Jia Ji Bian Zhu
210    @a北京@c人民教育出版社@d1965
215    @a320页@d19cm
300    @a高等学校教学参考书
606 0  @a植物学
690    @aQ94@v3
701  0 @a张景钺@4编著
701  0 @a梁家骥@4编著
801    @aCN@bTSTCL@c20040525
905    @f2@b4189-190@dQ94@e1
    
    植物系统学/张景钺,梁家骥编著.-北京:人民教育出版社,1965
    320页;19cm
    高等学校教学参考书
    
    ISBN :CNY1.00
    
●
相关链接 在E读中查询图书 在五车中查询图书 在当当中查询图书 在豆瓣中查询图书


正题名:植物系统学     索取号:Q94/1         预约/预借

序号 登录号 条形码 馆藏地/架位号 状态 备注
1 0004188   202108076   第二样本阅览室/ [索取号:Q94/1] 在馆    
2 0004189   000704508   第三借阅区/ [索取号:Q94/1] 在馆    
3 0004190   000704492   第三借阅区/ [索取号:Q94/1] 在馆    
唐山师范学院图书馆 欢迎您!
大连网信软件有限公司© 版权所有